000 01385cam a22003734a 4500
999 _c64103
_d64103
001 14196744
003 CO-MdFUSB
005 20190202100452.0
008 051212t19971969stk f b 001 0 eng
010 _a 2005482324
020 _a0567043118
020 _a9780567043115
040 _aDLC
_cCO-MdFUSB
_dCO-MdFUSB
_bspa
_erda
041 _aeng
082 0 0 _224
_aG 232.1
_bT688s
100 1 _aTorrance, Thomas F.
_d1913-2007.
_eautor
242 0 0 _aEspacio, tiempo y encarnación
245 0 0 _aSpace, time, and incarnation
_c/ Thomas F. Torrance.
_b:
264 1 _aEdinburgh :
_bT&T Clark,
_c℗1997
264 1 _c©1969
300 _aviii, 92 páginas :
_c22 cm.
_b:
336 _2rdacontent
_atexto
_btxt
337 _2rdamedia
_asin mediación
_bn
338 _2rdacarrier
_avolumen
_bnc
500 _aOriginally published: London ; New York : Oxford University Press, 1969.
501 _aIncluye índice (p. 91- 92)
505 _aEl problema de los conceptos espaciales en la teología de Nicea - El problema de los conceptos espaciales en la reforma y la teología moderna - Encarnación y espacio y tiempo
650 7 _aEncarnación
_2
_9399
906 _a7
_bcbc
_corignew
_d2
_encip
_f20
_gy-gencatlg
942 _cBK